| 000 | 00802nam a22002055a 4500 | ||
|---|---|---|---|
| 003 | OSt | ||
| 005 | 20170622105608.0 | ||
| 008 | 170615s1998 le a grb f000 0 ara d | ||
| 040 |
_aEG-ScBUE _bara _cEG-ScBUE |
||
| 082 | 0 | 4 |
_222 _b492.78242 _aع ط ا |
| 100 | 1 | _aعطار، سمر. | |
| 245 | 1 | 2 |
_aالقواعد العربية في مضمون مفيد : _bبرنامج خاص للأجانب المتقدمين في اللغة / _cسمر العطار. |
| 246 | 3 | 5 |
_aModern Arabic : _bgrammar in context : an advanced course for foreign students |
| 260 |
_aبيروت : _bمكتبة لبنان ناشرون، _c1998. |
||
| 300 |
_a269 ص. : _bإيض. ؛ _c24 سم. |
||
| 650 | 7 |
_2BUEsh _aاللغة العربية _xدراسة وتعليم. |
|
| 651 | _2BUEsh | ||
| 653 |
_bGGEN _cJune2017 |
||
| 942 | _2ddc | ||
| 999 |
_c24951 _d24923 |
||